000 01372cam a22003857a 4500
003 CHAP
005 20220329141844.0
008 980309d1997 mx r 00110 spa d
010 _a74855
011 _a75827
035 _a85397
040 _cCHAP
090 _aTesis
100 0 0 _aDorantes Jiménez, Jaime.
_934000
245 1 0 _aEvaluación en la inclusión de diferentes leguminosas en la asociación avena-ballico bajo pastoreo en invierno, en Chapingo, México
_c/por Jaime Dorantes Jiménez
260 _aChapingo, Méx. :
_bEl autor,
_c1997.
300 _a73 h. :
_bgráfs.
502 _aTesis (Ing. Agr. Esp. en Zootecnia) -- UACH. Departamento de Zootecnia
590 _aALEPH
_b10
_c20130110
_lUCH01
_h1421
590 _aBATCH-UPD
_b10
_c20130110
_lUCH01
_h0637
590 _aBATCH-UPD
_b10
_c20130410
_lUCH01
_h0321
590 _aBATCH-UPD
_b10
_c20130914
_lUCH01
_h0416
590 _aCONVERSION
_b10
_c20130109
_lUCH01
_h1341
650 1 4 _aArveja.
_97792
650 1 4 _aAvena.
_98503
650 1 4 _aCultivos asociados.
_930370
650 1 4 _aTrébol.
_9115245
650 1 4 _aTrifolium alexandrinum.
_9114944
901 _aBK
905 _aGuadalupe Pinto C.
942 _cFOLL
949 _bBC
_cTES
_d33724000629150
_eTS2
_fc.2
_h31888
_i85397
_sb
949 _bBC
_cTES
_d33724000768347
_eTS2
_fc.3
_h35481
_i85397
_si
949 _bBC
_cTES
_d85397
_eTS1
_h31887
_i85397
_sb
999 _c74855
_d74855